| 000 | 00418cam a2200169ua 4500 | ||
|---|---|---|---|
| 041 |
_aeng _h |
||
| 082 |
_a531 _bNOR/ME |
||
| 100 | _aNorris, P W . | ||
| 245 |
_aMechanics via the calculus / _cP W Norris. _hTextual Documents |
||
| 250 |
_a3 / _b. |
||
| 260 |
_aLondon : _bCleaver-Hume press Ltd , _c1961. |
||
| 300 | _a367 ; . | ||
| 504 | _a | ||
| 700 | 1 | _aSeymourlegge, W . | |
| 942 | _cBK | ||
| 999 |
_c6345 _d6345 |
||